Random European Country Facts - Statistics

General Stats
  • This quiz has been taken 21 times
  • The average score is 12 of 15
Answer Stats
Hint Answer % Correct
Smallest country Vatican
100%
This country hosted the very first Olympic games Greece
95%
Volgograd is a city in this country Russia
95%
Legos were invented here Denmark
89%
Corsica is owned by this country France
89%
Most recently independent country Kosovo
89%
Rinaldo is from here Portugal
89%
Minsk is its capital Belarus
84%
Archduke Franz Ferdinand was assassinated in this countries capital Bosnia
79%
Biggest country entirely in Europe Ukraine
79%
Double Landlocked country Liechtenstein
74%
Northern most capital city Iceland
63%
This countries flag is very similar to the flag of ivory coast Ireland
63%
This country is the owner to the most populated city in Europe and its transcontinental Turkey
58%
Bouvet island is owned by this country Norway
53%
No matching quizzes found
Score Distribution
Percent of People with Each Score
Percentile by Number Answered
Your Score History
You have not taken this quiz